000 00383nam a2200157Ia 4500
008 230711s9999||||xx |||||||||||||| ||und||
041 _aENG
082 _a621.3
_bAG-F
100 _aAgarwal.D.C
245 0 _aFibre optics communication
250 _a1st Ed.
260 _c1993
_aNew Delhi
_bWheeler & Corporative
300 _a428
650 _aElectronics Engineering
942 _cBK
999 _c2784
_d2784